000 00435nam a2200157Ia 4500
008 240729s9999 xx 000 0 und d
022 _a2394-3327
245 0 _aIndian Journal of Animal Sciences
260 _aIndia
260 _bIndian Council of Agricultural Research
650 _a Animal culture
650 _aAgriculture
856 _uhttps://doaj.org/toc/f6ef3ded529c4b29af070c9f978adc0c
942 _2ddc
942 _cDOAJEJ
999 _c68661
_d68661
945 _a1
_bMadushi Gamage
_c1
_dMadushi Gamage